00693cam a2200229 a 45000010008000000030004000080050017000120080041000290100017000700400018000870500016001050820012001211000023001332450080001562600040002363000035002765000020003115040030003316500030003617000051003917000021004424208205OSt20150916082605.0820428s1982 maua b 001 0 eng  a 81081703  aDLCcDLCdDLC00aBF713b.R5600a1552191 aRipple, Richard E.10aHuman development /cRichard E. Ripple, Robert F. Biehler, Gail A. Jaquish. aBoston :bHoughton Mifflin,cc1982. axiii, 673 p. :bill. ;c25 cm. aIncludes index. aBibliography: p. 621-655. 0aDevelopmental psychology.1 aBiehler, Robert F.q(Robert Frederick),d1927-1 aJaquish, Gail A.